Αυτά κι άλλα πολλά
Αποθηκεύτηκε σε:
| Κύριος συγγραφέας: | |
|---|---|
| Μορφή: | Βιβλίο |
| Γλώσσα: | Greek |
| Δημοσίευση: |
Αθήνα :
Καστανιώτη,
1991.
|
| Θέματα: | |
| Ετικέτες: |
Προσθήκη ετικέτας
Δεν υπάρχουν, Καταχωρήστε ετικέτα πρώτοι!
|
MARC
| LEADER | 00000nam a2200000 a 4500 | ||
|---|---|---|---|
| 001 | 1/125508 | ||
| 008 | 221018s1991####gr | ||| |||| ||gre|| | ||
| 020 | |a 9600308608 | ||
| 040 | |a GR-MyUa |b gre |c GR-MyUa |e AACR2 | ||
| 041 | 0 | |a gre | |
| 082 | 7 | |a 889.3 |2 (23) | |
| 100 | 1 | |a Σκούρτης, Γιώργος, |d 1940-2018. | |
| 245 | 1 | 0 | |a Αυτά κι άλλα πολλά / |c Γιώργος Σκούρτης. |
| 260 | |a Αθήνα : |b Καστανιώτη, |c 1991. | ||
| 300 | |a 230 σ. ; |c 21 εκ. | ||
| 650 | 0 | |a Greek fiction. | |
| 852 | |a INST |b SYROS |e 20221017 |h 889.3 ΣΚΟ |p 005500015629 |q 005500015629 |t BK |y 0 | ||
| 970 | |a Κοντού |b Παρασκευή |z 18/10/2022 | ||